Die Bank von England im Dienste der Finanzverwaltungwaltung des Staates
Salvato in:
| Natura: | Libro |
|---|---|
| Lingua: | tedesco |
| Pubblicazione: |
Wien
Toeplitz
1885
|
| Tags: |
Nessun Tag, puoi essere il primo ad aggiungerne!!
|
MARC
| LEADER | 00000nam a2200000 4500 | ||
|---|---|---|---|
| 001 | 0303058 | ||
| 005 | 20240711095216.1 | ||
| 041 | 0 | |a ger | |
| 044 | |a AT | ||
| 245 | 1 | 0 | |a Die Bank von England im Dienste der Finanzverwaltungwaltung des Staates |c E. Philippovich |
| 264 | 1 | |a Wien |b Toeplitz |c 1885 | |